[Event "BEL-ch U20"]
[Site "Blankenberge"]
[Date "2015.04.15"]
[Round "5"]
[White "Poppe, Gaitan"]
[Black "Vandesteene, Wesley"]
[Result "1/2-1/2"]
[WhiteElo "1653"]
[BlackElo "1519"]
[PlyCount "25"]
[EventDate "2015.04.12"]
[EventType "tourn"]
[EventRounds "9"]
[EventCountry "BEL"]
[SourceTitle "CBM 166 Extra"]
[Source "ChessBase"]
[SourceDate "2015.06.18"]
[SourceVersion "1"]
[SourceVersionDate "2015.06.18"]
[SourceQuality "1"]

1. d4 Nf6 2. Nf3 g6 3. Bf4 Bg7 4. e3 b6 5. Nc3 Bb7 6. Bd3 d6 7. h3 Nbd7 8. Bc4 0-0 9. 0-0 d5 10. Bd3 c5 11. Ne5 cxd4 12. exd4 Nh5 13. Nxd7 1/2-1/2